Les meilleurs buteurs de Nice en Ligue 1 depuis 2010/2011 - Statistiques

Statistiques générales
  • Ce quiz a été pris 275 fois
    24 depuis la dernière actualisation
  • Le résultat moyen est 13 sur 22
Statistiques - réponses
Classement Joueur Nombre de buts Nationalité % Correct
2 Mario Balotelli 33 Italie
100%
5 Kasper Dolberg 23 Danemark
94%
- Andy Delort 22 Algérie
89%
3 Dario Cvitanich 30 Argentine
89%
4 Gaëtan Laborde 29 France
89%
11 Evann Guessand 19 Côte d'Ivoire
72%
10 Terem Moffi 20 Nigéria
72%
1 Alassane Pléa 36 France
67%
12 Hatem Ben Arfa 17 France
67%
- Jean-Michaël Seri 12 Côte d'Ivoire
67%
14 Sofiane Diop 15 Maroc
67%
6 Amine Gouiri 22 Algérie
61%
- Valère Germain 14 France
56%
- Youcef Atal 12 Algérie
56%
- Carlos Eduardo 10 Brésil
39%
8 Eric Bauthéac 21 France
33%
17 Hicham Boudaoui 13 Algérie
33%
- Wylan Cyprien 21 France
33%
21 Alexy Bosetti 10 France
28%
15 Valentin Eysseric 14 France
28%
18 Eric Mouloungui 12 Gabon
17%
13 Pierre Lees-Melou 16 France
17%
Aucun quiz correspondant
Distribution des résultats
% des personnes avec chaque résultat
Percentile par nombre de réponses
Votre historique - résultats
Vous n’avez pas pris ce quiz depuis la dernière actualisation